Every Capped Wales Rugby Player - Statistics

General Stats
  • This quiz has been taken 62 times
  • The average score is 593 of 1211
Answer Stats
Hint Answer % Correct
394 Arthur John
100%
703 Barry John
100%
347 Dai John
100%
593 Glyn John
100%
401 Howell John
100%
915 Paul John
100%
568 Roy John
100%
921 Spencer John
100%
1173 WillGriff John
100%
1042 Adam M. Jones
97%
1018 Adam R. Jones
97%
885 Aled Williams
97%
1046 Alun Wyn Jones
97%
1025 Andy Williams
97%
203 Anthony Windham Jones
97%
869 Arthur Emyr Jones
97%
33 | 463 Arthur Jones
97%
176 Bala Jones
97%
945 Barry Williams
97%
487 Bert Jones
97%
414 Billy Williams
97%
539 Bleddyn Williams
97%
272 Bobbie Williams
97%
403 Bobby Jones
97%
178 Bob Jones
97%
651 Brian Jones
97%
875 Brian Williams
97%
309 Brinley Williams
97%
772 Brynmor Williams
97%
174 Buller Williams
97%
1052 Ceri Jones
97%
303 Charles Jones
97%
448 Chick Jones
97%
480 Cliff Jones
97%
379 Cliff Williams
97%
770 Clive Williams
97%
1008 Dafydd Jones
97%
182 | 402 | 534 Dai Jones
97%
153 Daniel Jones
97%
426 Dan Jones
97%
968 Darril Williams
97%
981 Deiniol Jones
97%
682 Denzil Williams
97%
606 Derek Williams
97%
918 Derwyn Jones
97%
555 Des Jones
97%
179 | 434 Dick Jones
97%
317 Douglas Marsden-Jones
97%
997 Duncan Jones
97%
380 Eddie Williams
97%
453 Edgar Jones
97%
525 Elvet Jones
97%
387 Evan Williams
97%
440 Frank Williams
97%
929 Gareth Jones
97%
788 | 1012 Gareth Williams
97%
856 Gary Jones
97%
478 Geoffrey Rees-Jones
97%
794 Gerald Williams
97%
572 Gerwyn Williams
97%
684 Graham Jones
97%
502 Griff Williams
97%
936 Gwyn Jones
97%
433 Harold Jones
97%
188 Harry Jones
97%
201 Howell Jones
97%
451 Howie Jones
97%
865 Hugh Williams-Jones
97%
726 Ian Jones
97%
383 Idris Jones
97%
427 Iorwerth Jones
97%
358 Ivor Jones
97%
226 | 281 Jack Jones
97%
204 | 308 Jack Williams
97%
291 Jim Jones
97%
748 J. J. Williams
97%
376 Joe Jones
97%
214 | 1163 Johnny Williams
97%
183 John Strand-Jones
97%
729 J. P. R. Williams
97%
1194 Keiran Williams
97%
535 | 668 Ken Jones
97%
479 Kenyon Jones
97%
718 Keri Jones
97%
654 | 943 Kingsley Jones
97%
542 Leslie Williams
97%
569 Lewis Jones
97%
1095 Liam Williams
97%
617 | 1087 Lloyd Williams
97%
909 Lyn Jones
97%
349 Mapson Williams
97%
840 | 984 Mark Jones
97%
944 Martyn Williams
97%
1039 Matthew Jones
97%
395 Nathan Rocyn-Jones
97%
540 Ossie Williams
97%
884 Owain Williams
97%
1104 | 1137 Owen Williams
97%
320 Paul Baker-Jones
97%
267 Percy Jones
97%
222 Ponty Jones
97%
161 Pussy Jones
97%
464 Raymond Bark-Jones
97%
601 Ray Williams
97%
1093 Rhodri Jones
97%
1113 Rhodri Williams
97%
599 RH (Rhys) Williams
97%
980 Rhys Williams
97%
15 Richard Williams
97%
831 Robert Jones
97%
712 Ron Jones
97%
428 Roy Jones
97%
1029 Ryan Jones
97%
1085 Scott Williams
97%
977 Shane Williams
97%
806 Staff Jones
97%
541 Stan Williams
97%
965 Stephen Jones
97%
990 Steve Jones
97%
917 Steve Williams
97%
521 Syd Williams
97%
1196 Teddy Williams
97%
16 Thomas Baker-Jones
97%
335 Tom Jones
97%
1146 Tomos Williams
97%
26 | 262 Tom Williams
97%
493 Trevor Williams
97%
274 Tuan Jones
97%
326 Tudor Williams
97%
78 T. Williams
97%
581 W. A. "Billy" Williams
97%
756 Walter Williams
97%
372 William Jones
97%
69 William Williams
97%
578 W. O. G. "Billy" Williams
97%
1132 Wyn Jones
97%
603 Arthur Edwards
91%
575 Ben Edwards
91%
314 Dai Edwards
91%
1210 Dan Edwards
91%
711 Gareth Edwards
91%
93 Abel Davies
88%
886 Adrian Davies
88%
687 Alan Thomas
88%
1136 Aled Davies
88%
820 Alun Davies
88%
580 Alun Thomas
88%
938 Arwel Thomas
88%
216 Bailey Davies
88%
144 | 1044 Barry Davies
88%
132 Ben Davies
88%
1170 Ben Thomas
88%
666 Billy Thomas
88%
1065 Bradley Davies
88%
673 Brian Davies
88%
680 Brian Thomas
88%
859 Carwyn Davies
88%
473 Cecil Davies
88%
80 Charlie Thomas
88%
565 Clem Thomas
88%
543 Cliff Davies
88%
608 Cowboy Davies
88%
618 Cyril Davies
88%
386 Cyril Thomas
88%
341 | 567 Dai Davies
88%
449 Dai Thomas
88%
329 Daph Davies
88%
663 Dave Thomas
88%
195 David Harris Davies
88%
194 David John Thomas
88%
506 David Thomas
88%
704 Delme Thomas
88%
598 Denzil Thomas
88%
213 Dick Thomas
88%
550 Emlyn Davies
88%
247 Ewan Davies
88%
1209 Freddie Thomas
88%
771 | 1115 Gareth Davies
88%
924 | 1168 Gareth Thomas
88%
988 Gavin Thomas
88%
169 George Davies
88%
87 George Thomas
88%
702 Gerald Davies
88%
344 Gethin Thomas
88%
544 | 602 Glyn Davies
88%
431 Gwyn Davies
88%
365 Harold Davies
88%
263 | 501 Harold Thomas
88%
324 Harry Davies
88%
634 Haydn Davies
88%
1191 Henry Thomas
88%
158 Hopkin Davies
88%
270 Horace Thomas
88%
522 Howard Davies
88%
248 | 815 Howell Davies
88%
356 Hunt Davies
88%
287 Ianto Davies
88%
518 Idwal Davies
88%
982 Iestyn Thomas
88%
285 Ivor Davies
88%
363 Ivor Thomas
88%
1147 James Davies
88%
273 Jenkin Alban Davies
88%
352 | 674 | 891 John Davies
88%
827 | 1066 Jonathan Davies
88%
1013 Jonathan Thomas
88%
931 Justin Thomas
88%
935 Leigh Davies
88%
600 Len Davies
88%
523 Leslie Davies
88%
52 Lewis Cobden Thomas
88%
698 Lyn Davies
88%
564 Malcolm Thomas
88%
796 Mark Davies
88%
1001 Mefin Davies
88%
298 Melbourne Thomas
88%
728 Mervyn Davies
88%
524 Mickey Davies
88%
949 Nathan Thomas
88%
854 Nigel Davies
88%
445 Ocker Thomas
88%
828 Phil Davies
88%
233 Rees Thomas
88%
1185 Rhys Davies
88%
1049 Rhys M. Thomas
88%
172 Robert Thomas
88%
616 Robin Davies
88%
92 Rowley Thomas
88%
1128 Sam Davies
88%
1129 Seb Davies
88%
459 Sgili Davies
88%
351 Stan Davies
88%
100 Stephen Thomas
88%
899 Stuart Davies
88%
585 Terry Davies
88%
443 Tommy Jones-Davies
88%
1037 T. Rhys Thomas
88%
413 Watcyn Thomas
88%
253 William Davies
88%
126 William Llewellyn Thomas
88%
503 Willie Davies
88%
56 Willie Thomas
88%
295 Aaron Rees
85%
670 Alan Rees
85%
11 Aneurin Rees
85%
482 Arthur Rees
85%
709 Brian Rees
85%
754 Clive Rees
85%
120 Conway Rees
85%
171 Dan Rees
85%
724 Doug Rees
85%
779 Elgan Rees
85%
296 Evan Rees
85%
1078 George North
85%
508 Harry Rees
85%
483 Idwal Rees
85%
307 Joe Rees
85%
471 Lou Rees
85%
1033 Matthew Rees
85%
660 Peter M. Rees
85%
549 Peter Rees
85%
958 Richard Rees
85%
1072 Richie Rees
85%
492 Thomas Rees
85%
409 Tommy Rees
85%
699 Allan Lewis
82%
937 Andrew Lewis
82%
738 Arthur Lewis
82%
970 Ben Evans
82%
20 Bill Evans
82%
548 Bob Evans
82%
301 Brinley Evans
82%
460 | 468 Bryn Evans
82%
259 Bryn Lewis
82%
1195 Cai Evans
82%
357 Candy Evans
82%
22 Charles Lewis
82%
249 Clem Lewis
82%
645 Colin Evans
82%
145 Dai Evans
82%
59 Dai Lewis
82%
1067 Dan Evans
82%
398 | 474 | 868 David Evans
82%
90 David William Evans
82%
653 Denis Evans
82%
1134 Dillon Lewis
82%
5 Edward Lewis
82%
505 Emrys Evans
82%
892 Emyr Lewis
82%
322 Frankie Evans
82%
963 Garan Evans
82%
769 Gareth Evans
82%
1050 Gavin Evans
82%
731 Geoff Evans
82%
647 Geoff Windsor-Lewis
82%
966 Geraint Lewis
82%
533 | 792 Gwyn Evans
82%
275 Howell Lewis
82%
1045 Ian Evans
82%
836 Ieuan Evans
82%
485 Iorwerth Evans
82%
333 Islwyn Evans
82%
146 | 193 | 218 | 366 Jack Evans
82%
1150 Jarrod Evans
82%
64 Jem Evans
82%
475 | 628 John Evans
82%
70 John Goulstone Lewis
82%
40 John Smith
82%
895 Luc Evans
82%
279 Mark Lewis
82%
1117 Nicky Smith
82%
573 Peter Evans
82%
821 Phil Lewis
82%
789 Rhodri Lewis
82%
976 Richard Smith
82%
903 Ricky Evans
82%
1118 Rob Evans
82%
625 Roddy Evans
82%
683 Ron Evans
82%
91 Rosser Evans
82%
1131 Steff Evans
82%
824 Stuart Evans
82%
208 Tom Evans
82%
404 Tom Lewis
82%
369 Tommy Evans
82%
760 Trefor Evans
82%
594 Viv Evans
82%
99 Walter Rice Evans
82%
545 Wilf Evans
82%
246 | 280 William Evans
82%
391 Will Lewis
82%
408 Windsor Hopkin Lewis
82%
624 Wynne Evans
82%
138 Albert Jenkin
79%
436 Bill Roberts
79%
1174 Bradley Roberts
79%
631 Cyril Roberts
79%
444 David Roberts
79%
1064 Eifion Lewis-Roberts
79%
60 Evan Roberts
79%
826 Gareth Roberts
79%
1057 Jamie Roberts
79%
1192 Joe Roberts
79%
412 John Roberts
79%
1062 Martin Roberts
79%
658 Meirion Roberts
79%
742 Mike Roberts
79%
77 Ned Roberts
79%
1070 Sam Warburton
79%
323 Tom Roberts
79%
576 Cliff Morgan
76%
998 Craig Morgan
76%
55 | 139 David Morgan
76%
515 Eddie Morgan
76%
282 | 312 Edgar Morgan
76%
514 Fred Morgan
76%
420 Guy Morgan
76%
609 Harry Morgan
76%
627 Haydn Morgan
76%
620 Henry Morgan
76%
227 Ivor Morgan
76%
1177 Jac Morgan
76%
268 Johnnie Morgan
76%
950 Kevin Morgan
76%
1149 Luke Morgan
76%
1116 Matthew Morgan
76%
649 Norman Morgan
76%
786 Peter Morgan
76%
659 Phil Morgan
76%
817 Rhys Morgan
76%
669 Robert Morgan
76%
1053 Scott Morgan
76%
185 Teddy Morgan
76%
95 Tom Morgan
76%
1122 Tyler Morgan
76%
239 Willie Morgan
76%
302 Albert Jenkins
73%
361 Albert Owen
73%
987 Andy Lloyd
73%
801 Billy James
73%
258 Billy Jenkins
73%
276 Bobby Lloyd
73%
722 Boyo James
73%
626 Carwyn James
73%
942 Dafydd James
73%
1183 Dafydd Jenkins
73%
111 | 456 David James
73%
425 David Jenkins
73%
400 David Morgan Jenkins
73%
180 Dicky Owen
73%
1206 Eddie James
73%
1126 Ellis Jenkins
73%
238 Ernie Jenkins
73%
97 Evan James
73%
136 | 1201 Evan Lloyd
73%
605 Garfield Owen
73%
894 Garin Jenkins
73%
1006 Gethin Jenkins
73%
1164 Ioan Lloyd
73%
212 Jack Jenkins
73%
700 John Lloyd
73%
595 Leighton Jenkins
73%
346 Lew Jenkins
73%
149 Llewellyn Lloyd
73%
553 Maldwyn James
73%
1000 Michael Owen
73%
417 Ned Jenkins
73%
890 Neil Jenkins
73%
1021 Paul James
73%
98 Percy Lloyd
73%
232 Thomas Lloyd
73%
73 Thomas Pryce-Jenkins
73%
1055 Tom James
73%
494 Tommy James
73%
591 Trevor Lloyd
73%
462 Vivian Jenkins
73%
382 | 1054 Will James
73%
1060 Leigh Halfpenny
70%
1082 Taulupe Faletau
70%
662 Brian Price
67%
716 Dennis Hughes
67%
221 Dickie David
67%
477 Gomer Hughes
67%
764 Graham Price
67%
975 Jason Jones-Hughes
67%
736 Keith Hughes
67%
638 Malcolm Price
67%
1140 Owen Watkin
67%
527 Ron Price
67%
68 Sawdust Hughes
67%
1159 Shane Lewis-Hughes
67%
695 Terry Price
67%
747 Tommy David
67%
328 Archie Brown
64%
642 Billy Watkins
64%
41 Charles Taylor
64%
774 Clive Davis
64%
316 Codger Johnson
64%
681 David Watkins
64%
587 Dill Johnson
64%
498 Eddie V. Watkins
64%
364 Eddie Watkins
64%
407 Emlyn Watkins
64%
199 Harry Vaughan Watkins
64%
912 Hemi Taylor
64%
850 Ian Watkins
64%
392 Jim Brown
64%
215 John Alf Brown
64%
338 John Stephens
64%
710 John Taylor
64%
1086 Justin Tipuric
64%
14 Leonard Watkins
64%
1141 Leon Brown
64%
810 Mark Brown
64%
893 Mark Davis
64%
919 Mark Taylor
64%
1011 Matthew Watkins
64%
818 Mike Watkins
64%
1032 Robin Sowden-Taylor
64%
512 Russell Taylor
64%
1111 Samson Lee
64%
693 Stuart Watkins
64%
519 Wendy Davis
64%
967 David Llewellyn
61%
870 Gareth Llewellyn
61%
881 Glyn Llewellyn
61%
1088 Ken Owens
61%
1158 Louis Rees-Zammit
61%
1189 Max Llewellyn
61%
746 Phil Llewellyn
61%
165 Willie Llewellyn
61%
782 Alan Phillips
58%
327 Ambrose Baker
58%
652 Bryan Richards
58%
384 Bryn Phillips
58%
337 Cliff Richards
58%
1127 Cory Hill
58%
843 Dai Young
58%
1105 Dan Baker
58%
639 Danny Harris
58%
781 David Richards
58%
1103 Emyr Phillips
58%
50 Evan Richards
58%
54 Frank Hill
58%
61 George Avery Young
58%
418 Gwyn Richards
58%
411 Harry Phillips
58%
582 Horace Phillips
58%
834 Huw Richards
58%
385 Idris Richards
58%
995 Iestyn Harris
58%
725 Jeff Young
58%
88 | 220 Jim Webb
58%
657 Ken Richards
58%
837 Kevin Phillips
58%
170 Lou Phillips
58%
920 Mathew Back
58%
727 Maurice Richards
58%
231 Mel Baker
58%
1022 Mike Phillips
58%
833 Paul Moriarty
58%
1026 Paul Young
58%
117 Percy Phillips
58%
277 Rees Richards
58%
611 Rex Richards
58%
1092 Rhys Webb
58%
797 Richard Moriarty
58%
1120 Ross Moriarty
58%
845 Rowland Phillips
58%
908 Simon Hill
58%
423 Tal Harris
58%
1130 Thomas Young
58%
355 Tom Richards
58%
9 William David Phillips
58%
956 Chris Stephens
55%
783 Clive Griffiths
55%
946 Colin Charvis
55%
900 Colin Stephens
55%
83 Dan Griffiths
55%
994 Dwayne Peel
55%
586 Gareth Griffiths
55%
94 Giotto Griffiths
55%
250 Glyn Stephens
55%
1017 Huw Bennett
55%
791 Ian Stephens
55%
510 Ivor Bennett
55%
983 James Griffiths
55%
855 Jonathan Griffiths
55%
926 Mark Bennett
55%
860 Mike Griffiths
55%
1135 Ollie Griffiths
55%
103 Percy Bennett
55%
972 Peter Rogers
55%
730 Phil Bennett
55%
538 Rees Stephens
55%
1167 Tom Rogers
55%
367 Vince Griffiths
55%
887 Alun Carter
52%
1166 Ben Carter
52%
934 Craig Quinnell
52%
1063 Dan Biggar
52%
744 Derek Quinnell
52%
135 Ernie George
52%
264 Frank Andrews
52%
36 Fred Andrews
52%
397 George Andrews
52%
888 Glen George
52%
289 Gwyn Francis
52%
570 John Robins
52%
839 Peter Francis
52%
1106 Rhys Patchell
52%
590 Russell Robins
52%
1083 Scott Andrews
52%
911 Scott Quinnell
52%
1125 Tomas Francis
52%
134 Tom Jackson
52%
1139 Adam Beard
48%
922 Andrew Gibbs
48%
1061 Andy Powell
48%
147 | 292 | 685 | 697 Bill Morris
48%
321 Billy Bowen
48%
1208 Blair Murray
48%
809 Bleddyn Bowen
48%
140 Cliff Bowen
48%
713 Dai Morris
48%
957 Darren Morris
48%
76 Dick Powell
48%
1121 Eli Walker
48%
67 George Bowen
48%
23 George Morris
48%
359 Glyn Morris
48%
621 Graham Powell
48%
27 Harry Bowen
48%
1094 Harry Robinson
48%
577 Haydn Morris
48%
757 Ian Robinson
48%
209 | 353 Jack Powell
48%
1102 James King
48%
992 Jamie Robinson
48%
1145 Josh Adams
48%
823 Martyn Morris
48%
971 Matthew Robinson
48%
1016 Nicky Robinson
48%
905 Nigel Walker
48%
207 Reggie Gibbs
48%
469 Ron Morris
48%
1004 Ryan Powell
48%
889 Scott Gibbs
48%
304 Steve Morris
48%
306 Wickham Powell
48%
406 Wick Powell
48%
57 William Bowen
48%
72 William Howell
48%
1148 Aaron Wainwright
45%
749 Allan Martin
45%
1143 Elliot Dee
45%
715 Ian Hall
45%
1114 Jake Ball
45%
1200 Mackenzie Martin
45%
853 Mike Hall
45%
1179 Sam Wainwright
45%
260 Walter Martin
45%
861 Wayne Hall
45%
872 Andy Allen
42%
750 Bobby Windsor
42%
476 Bryn Howells
42%
35 Charles Allen
42%
962 Chris Wyatt
42%
1110 Cory Allen
42%
1101 Dafydd Howells
42%
256 Frank Hawkins
42%
955 Gareth Wyatt
42%
989 Gavin Henson
42%
613 Geoff Howells
42%
916 Gwilym Wilkins
42%
1184 Joe Hawkins
42%
345 Joe Thompson
42%
1108 Josh Navidi
42%
804 Mark Wyatt
42%
763 Ray Gravell
42%
1068 Craig Mitchell
39%
373 Dai Parker
39%
1176 Dewi Lake
39%
1203 Ellis Bevan
39%
530 Griff Bevan
39%
1144 Hadleigh Parkes
39%
1 James Bevan
39%
1048 James Hook
39%
740 Jim Shanklin
39%
741 | 759 John Bevan
39%
777 John Richardson
39%
1079 Rhys Priestland
39%
1005 Robert Sidoli
39%
1133 Ryan Elias
39%
200 Sid Bevan
39%
1007 Sonny Parker
39%
294 Tom Parker
39%
993 Tom Shanklin
39%
166 Will Parker
39%
1089 Alex Cuthbert
36%
1059 Andrew Bishop
36%
923 Andrew Moore
36%
932 Andy Moore
36%
181 Arthur Harding
36%
470 Billy Moore
36%
819 David Bishop
36%
784 Eddie Butler
36%
1124 Gareth Anscombe
36%
985 Gareth Cooper
36%
4 George Harding
36%
1112 Hallam Amos
36%
1161 James Botham
36%
622 John Collins
36%
318 Johnny Ring
36%
803 Mark Ring
36%
825 Paul Thorburn
36%
849 Phil May
36%
571 Rex Willis
36%
1152 Rhys Carré
36%
838 Richie Collins
36%
342 Rowe Harding
36%
953 Steve Moore
36%
1190 Taine Plumtree
36%
89 Teddy Bishop
36%
85 Theo Harding
36%
350 Tom Collins
36%
1009 Vernon Cooper
36%
1199 Archie Griffin
33%
58 Billy Douglas
33%
799 Bob Norster
33%
1020 Brent Cockbain
33%
429 Cecil Pritchard
33%
202 Charlie Pritchard
33%
362 Charlie Pugh
33%
1175 Christ Tshiunza
33%
197 Cliff Pritchard
33%
1071 Dan Lydiate
33%
1211 Ellis Mee
33%
123 Frederick Nicholls
33%
148 Gwyn Nicholls
33%
629 Howard Nicholls
33%
991 Jamie Ringer
33%
846 Jeremy Pugh
33%
419 Jim Burns
33%
32 John Griffin
33%
1188 Keiron Assiratti
33%
1084 Lloyd Burns
33%
1030 Luke Charteris
33%
816 Mark Douglas
33%
778 Paul Ringer
33%
871 Phil Pugh
33%
1003 Richard Parks
33%
1035 Richie Pugh
33%
1181 Sam Costelow
33%
1157 Sam Parry
33%
19 Samuel Clark
33%
86 Sydney Nicholls
33%
1198 Alex Mann
30%
6 Bathurst Mann
30%
761 Charlie Faulkner
30%
879 Chris Bridges
30%
529 Chris Matthews
30%
107 David Daniel
30%
283 David Watts
30%
623 Don Devereux
30%
51 Ernest Rowland
30%
558 Ernie Coleman
30%
150 Fred Miller
30%
755 Geoff Wheel
30%
536 Jack Matthews
30%
219 James Watts
30%
830 John Devereux
30%
1151 Jonah Holmes
30%
1182 Josh Macleod
30%
734 Laurie Daniel
30%
187 Nathaniel Walters
30%
1153 Owen Lane
30%
795 Pat Daniels
30%
940 Rob Howley
30%
907 Rupert Moon
30%
773 Stuart Lane
30%
776 Terry Holmes
30%
528 Viv Law
30%
119 Wallace Watts
30%
1090 Aaron Shingler
27%
1096 Adam Warren
27%
812 Adrian Hadley
27%
507 Bill Hopkin
27%
112 Boomer Nicholl
27%
1010 Ceri Sweeney
27%
735 Chico Hopkins
27%
129 David Nicholl
27%
802 David Pickering
27%
116 Frank Mills
27%
835 Glen Webbe
27%
964 Ian Gough
27%
807 John Perkins
27%
829 Kevin Hopkins
27%
1091 Lou Reed
27%
1155 Nick Tompkins
27%
225 Phil Hopkins
27%
844 Richard Webster
27%
1180 Rio Dyer
27%
913 Robin McBryde
27%
762 Steve Fenwick
27%
399 Tom Hopkins
27%
721 Tony Gray
27%
902 Wayne Proctor
27%
1077 Will Harries
27%
381 Willie Hopkins
27%
1098 Aaron Jarvis
24%
873 Allan Bateman
24%
410 Charles Rowlands
24%
79 Charlie Arthur
24%
951 Chris Anthony
24%
679 Clive Rowlands
24%
491 Con Murphy
24%
793 Gary Pearce
24%
745 Glyn Shaw
24%
592 Gwyn Rowlands
24%
768 Jeff Squire
24%
672 Keith Rowlands
24%
1193 Kemsley Mathias
24%
1162 Kieran Hardy
24%
1123 Kristian Dacey
24%
1040 Lee Byrne
24%
954 Lee Jarvis
24%
554 Les Anthony
24%
800 Malcolm Dacey
24%
1186 Mason Grady
24%
880 Paul Knight
24%
743 Roy Bergiers
24%
739 Roy Mathias
24%
1109 Scott Baldwin
24%
1169 Taine Basham
24%
561 Terry Cook
24%
813 Terry Shaw
24%
415 Tom Arthur
24%
101 Tom Graham
24%
1178 Tommy Reffell
24%
184 Will Joseph
24%
1156 Will Rowlands
24%
1097 Ashley Beck
21%
396 Bernard Turnbull
21%
1160 Callum Sheedy
21%
1187 Corey Domachowski
21%
336 Frank Palmer
21%
1202 Harri O'Connor
21%
39 Joe Simpson
21%
927 Jonathan Humphreys
21%
1080 Josh Turnbull
21%
465 Maurice Turnbull
21%
1100 Olly Kohn
21%
719 Paul Wheeler
21%
1047 Richard Hibbard
21%
615 Rory O'Connor
21%
969 Shane Howarth
21%
389 Steve Lawrence
21%
798 Steve Sutton
21%
752 Terry Cobner
21%
656 Tony O'Connor
21%
1014 Alix Popham
18%
560 Alun Meredith
18%
1099 Andrew Coombs
18%
447 Bert Day
18%
489 Bill Ward
18%
973 Brett Sinkinson
18%
596 Bryn Meredith
18%
589 Courtenay Meredith
18%
851 David Bryant
18%
832 David Waters
18%
633 Dewi Bebb
18%
1119 Dominic Day
18%
648 Fenton Coles
18%
604 Gordon Wells
18%
1027 Hal Luscombe
18%
121 Harry Day
18%
75 John Meredith
18%
858 Jonathan Mason
18%
1024 Jon Bryant
18%
896 Ken Waters
18%
644 Len Cunningham
18%
814 Mark Titley
18%
49 Martyn Jordan
18%
867 Paul Turner
18%
811 Ray Giles
18%
847 Stuart Russell
18%
455 Tom Day
18%
105 Tom Pearson
18%
284 William Watt
18%
1165 Willis Halaholo
18%
986 Adrian Durston
15%
378 Albert Stock
15%
1107 Andries Pretorius
15%
996 Anthony Sullivan
15%
244 Bill Perry
15%
1197 Cameron Winnett
15%
947 Dale McIntosh
15%
790 David Nicholas
15%
198 Edwin Thomas Maynard
15%
254 George Littlewood Hirst
15%
305 George Oliver
15%
343 Gwilym Michael
15%
1028 Jason Forster
15%
162 Jere Blake
15%
694 John Dawes
15%
1207 Josh Hathaway
15%
874 Mark Perego
15%
910 Neil Boobyer
15%
450 Norman Fender
15%
1036 Tal Selley
15%
898 Tony Copsey
15%
293 Trevor Nicholas
15%
486 Albert Fear
12%
775 Alun Donovan
12%
999 Andy Marinos
12%
732 Barry Llewelyn
12%
1034 Ben Broster
12%
504 Bill Clement
12%
961 Byron Hayward
12%
7 Charlie Newman
12%
767 Clive Burgess
12%
30 David Gwynn
12%
677 David Hayward
12%
113 David Samuel
12%
559 Don Hayward
12%
499 Edgar Long
12%
339 Fred Samuel
12%
1043 Gareth Delve
12%
224 George Hayward
12%
537 George Parsons
12%
496 Haydn Tanner
12%
686 Howard Norris
12%
25 Hugh Vincent
12%
635 Ian Ford
12%
1023 James Bater
12%
1204 James Ratti
12%
822 Jeff Whitefoot
12%
520 John Ford
12%
114 John Samuel
12%
1031 John Yapp
12%
857 Kevin Moseley
12%
979 Matt Cardey
12%
1171 Matthew Screech
12%
897 Mike Rayer
12%
941 Mike Voyle
12%
563 Peter Stone
12%
1015 Rhys Oakley
12%
808 Richard Donovan
12%
787 Rob Ackerman
12%
901 Roger Bidgood
12%
1081 Ryan Bevington
12%
142 Sam Ramsey
12%
876 Steve Ford
12%
1076 Tavis Knoyle
12%
848 Tony Clement
12%
516 Walter Vickery
12%
1058 Warren Fury
12%
37 William Gwynn
12%
186 Will Osborne
12%
877 Alan Edmunds
9%
490 Arthur Bassett
9%
48 Arthur Gould
9%
122 Bert Gould
9%
706 Billy Mainwaring
9%
21 Bob Gould
9%
374 Bob Randall
9%
1041 Chris Horsman
9%
930 Christian Loader
9%
632 Cliff Ashton
9%
488 Dai Prosser
9%
655 David Nash
9%
637 Derrick Main
9%
44 Frank Hancock
9%
278 Glyn Gething
9%
481 Glyn Prosser
9%
928 Greg Prosser
9%
664 Haydn Mainwaring
9%
805 Ian Eidman
9%
432 Jack Bassett
9%
330 Jack Prosser
9%
1205 Jacob Beetham
9%
230 Jake Blackmore
9%
164 Jehoida Hodges
9%
156 Joe Booth
9%
416 John Bartlett
9%
1154 Johnny McNicholl
9%
1069 Jonathan Spratt
9%
689 Keith Bradshaw
9%
714 Keith Jarrett
9%
1172 Kirby Myhill
9%
579 Len Blyth
9%
785 Les Keen
9%
368 Mel Rosser
9%
1056 Morgan Stoddart
9%
974 Nick Walne
9%
610 Ray Prosser
9%
1073 Rhys Gill
9%
758 Roger Blyth
9%
446 Ronnie Boon
9%
696 Ron Waldron
9%
1138 Rory Thornton
9%
1142 Sam Cross
9%
841 Steve Blackmore
9%
331 Will Cummins
9%
882 Alan Reynolds
6%
163 Alfred Brice
6%
62 Alfred Mathews
6%
665 Alun Pask
6%
906 Andrew Lamerton
6%
842 Anthony Buchanan
6%
3 Barry Girling
6%
300 Ben Beynon
6%
192 Bert Winfield
6%
597 Brian Sparks
6%
509 Bunner Travers
6%
1038 Chris Czekaj
6%
766 David Burcher
6%
959 David Weatherley
6%
688 Dick Uzzell
6%
390 Edward Beynon
6%
13 Edward Treharne
6%
375 Ernie Finch
6%
556 Frank Trott
6%
128 Fred Hutchinson
6%
124 Fred Parfitt
6%
646 Gareth Payne
6%
692 Gareth Prothero
6%
2 Godfrey Darbishire
6%
675 Grahame Hodgson
6%
422 Gus Broughton
6%
104 Harry Packer
6%
495 Harry Payne
6%
439 Harry Peacock
6%
252 Harry Uzzell
6%
206 Hopkin Maddock
6%
288 Ike Fowler
6%
127 Jack Elliott
6%
435 Jack Morley
6%
297 Jerry Shea
6%
457 Jim Lang
6%
235 Joe Pullman
6%
211 John Dyke
6%
552 John Gwilliam
6%
676 John Warlow
6%
614 Keith Maddocks
6%
866 Laurance Delaney
6%
241 Louis Dyke
6%
948 Mark Rowley
6%
1002 Martyn Madden
6%
720 Max Wiltshire
6%
904 Nigel Meek
6%
878 Paul Arnold
6%
205 Percy Bush
6%
177 Rhys Gabe
6%
12 Richard Summers
6%
1075 Rob McCusker
6%
737 Stuart Gallacher
6%
883 Stuart Parfitt
6%
925 Stuart Roy
6%
66 Thomas William Lockwood
6%
852 Tim Fauvel
6%
42 Tom Barlow
6%
110 Tom Deacon
6%
1074 Tom Prydie
6%
190 Twyber Travers
6%
466 Wilf Wooller
6%
354 William Radford
6%
191 William Richard Arnold
6%
562 Windsor Major
6%
65 Albert Hybart
3%
1051 Aled Brew
3%
63 Alexander Bland
3%
753 Alex Finlayson
3%
28 Alfred Cattell
3%
574 Allen Forward
3%
513 Allen McCarley
3%
630 Alun Priday
3%
430 Archie Skym
3%
377 Arnold Rickards
3%
115 Arthur Boucher
3%
340 Arthur Cornish
3%
442 Arthur Hickman
3%
441 Arthur Lemon
3%
500 Barney McCall
3%
780 Barry Clegg
3%
234 Ben Gronow
3%
141 Bert Dauncey
3%
266 Bert Hollingdale
3%
405 Bill Everson
3%
290 Bill Havard
3%
547 Bill Tamplin
3%
155 Billy Alexander
3%
96 Billy Bancroft
3%
532 Billy Cleaver
3%
265 Billy Geen
3%
546 Billy Gore
3%
705 Billy Hullin
3%
196 Billy O'Neill
3%
708 Billy Raybould
3%
240 Billy Spiller
3%
173 Billy Trew
3%
437 Bob Barrell
3%
332 Bobby Delahay
3%
723 Bobby Wanbon
3%
643 Brian Cresswell
3%
46 Buckley Roderick
3%
472 Bun Cowey
3%
452 Claude Davey
3%
751 Clive Shell
3%
517 Cyril Challinor
3%
125 Dai Fitzgerald
3%
334 Dai Hiddlestone
3%
210 Dai Westacott
3%
348 Dan Pascoe
3%
691 David Weaver
3%
671 Des Greenslade
3%
152 Dick Hellings
3%
310 Dick Huxtable
3%
82 Dickie Garrett
3%
74 Dick Kedzlie
3%
458 Dicky Ralph
3%
497 Don Tarr
3%
53 Edward Alexander
3%
8 Edward Peake
3%
106 Edward Pegge
3%
10 Frank Purdon
3%
242 Fred Birt
3%
151 Fred Cornish
3%
38 Frederick Margrave
3%
189 Fred Jowett
3%
269 Fred Perrett
3%
311 Fred Reeves
3%
167 Fred Scrine
3%
583 Geoff Beckingham
3%
612 Geoff Whitson
3%
157 George Boots
3%
175 George Dobson
3%
371 George Hathway
3%
118 George Rowles
3%
640 Glyn Davidge
3%
661 Gordon Britton
3%
261 Gus Merry
3%
467 Gwyn Bayliss
3%
551 Handel Greville
3%
438 Harry Bowcott
3%
257 Harry Hiams
3%
236 Harry Jarman
3%
484 Harry Truman
3%
271 Harry Wetter
3%
102 Hugh Ingledew
3%
914 Ian Buckett
3%
461 Iorrie Isaacs
3%
229 Jack Bancroft
3%
370 Jack Gore
3%
641 Jack Hurrell
3%
154 Jack Rhapps
3%
286 Jack Wetter
3%
299 Jack Whitfield
3%
17 James Bridie
3%
29 James Clare
3%
245 Jim Birch
3%
84 Jim Hannan
3%
237 Joe Pugsley
3%
619 John Faull
3%
960 John Funnell
3%
45 John Hinton
3%
717 John Jeffery
3%
636 John Leleu
3%
690 John Mantle
3%
707 John O'Shea
3%
862 John Wakeford
3%
667 Kel Coslett
3%
701 Ken Braddock
3%
313 Len Attewell
3%
251 Len Trump
3%
526 Les Manfield
3%
421 Lonza Bowdler
3%
933 Lyndon Mustoe
3%
939 Matthew Wintle
3%
765 Mike Knill
3%
1019 Nathan Brew
3%
978 Nathan Budgett
3%
81 Norman Biggs
3%
650 Norman Gale
3%
607 Onllwyn Brace
3%
325 Ossie Male
3%
130 Owen Badger
3%
243 Percy Coldrick
3%
228 Phil Waller
3%
109 Ralph Sweet-Escott
3%
557 Ray Cale
3%
531 Reg Blakemore
3%
255 Reggie Plummer
3%
168 Reg Skrimshire
3%
864 Richard Diplock
3%
863 Richard Wintle
3%
952 Rob Appleyard
3%
678 Roger Michaelson
3%
388 Ron Herrera
3%
584 Roy Burnett
3%
43 Samuel Goldsworthy
3%
131 Selwyn Biggs
3%
588 Sid Judd
3%
319 Stanley Winmill
3%
393 Sydney Hinam
3%
424 Thomas Hollingdale
3%
31 Thomas Judson
3%
18 Tom Clapp
3%
159 Tom Dobson
3%
454 Tommy Scourfield
3%
223 Tommy Vile
3%
137 Tom Pook
3%
566 Trevor Brewer
3%
733 Vic Perrins
3%
160 Viv Huzzey
3%
511 Walter Legge
3%
315 Wilf Hodder
3%
143 William Cope
3%
217 William Dowell
3%
133 William Elsey
3%
108 William McCutcheon
3%
24 William Norton
3%
360 William Ould
3%
47 William Stadden
3%
71 William Towers
3%
34 Horace Lyne
0%
No matching quizzes found
Score Distribution
Percent of People with Each Score
Percentile by Number Answered
Your Score History
You have not taken this quiz